000
00323nam a2200133Ia 4500
008
191201s2001 xx 000 0 und d
100
_a
SINGH, Vrinda
245
0
_a
Vastra Vigyan Evam Paridhan
250
_a
1st
260
_a
N.Delhi
_b
Panehshil Publishers
_c
2001
300
_a
640
650
_a
B.Tech(TE)
942
_2
ddc
_c
BK
999
_c
2577
_d
2577